Statistics for US Vice Presidents first names

Click here to take the quiz!

General Stats

  • This quiz has been taken 338 times
    (251 since last reset)
  • The average score is 35 of 48

Answer Stats

#First Name% Correct
1John I
98%
7John II
98%
10John III
98%
14John IV
98%
32John V
98%
44James II
95%
2Thomas I
94%
21Thomas II
94%
28Thomas III
94%
4George I
93%
11George II
93%
43George III
93%
47Joseph
93%
46Richard III
91%
9Richard I
90%
36Richard II
90%
48Michael
88%
45Albert
86%
16Andrew
86%
34Harry
82%
27James I
82%
37Lyndon
82%
40Gerald
81%
13William I
80%
19William II
80%
25Theodore
74%
42Walter
73%
8Martin
72%
29Calvin
69%
3Aaron
67%
12Millard
67%
39Spiro
66%
26Charles I
65%
30Charles II
65%
31Charles III
65%
41Nelson
62%
6Daniel
58%
38Hubert
58%
20Chester
57%
15Hannibal
57%
23Adlai
46%
35Alben
46%
5Elbridge
45%
17Schuyler
42%
22Levi
40%
24Garret
31%
18Henry I
8%
33Henry II
8%

Score Distribution

Percentile by Number Answered

Percent of People with Each Score

Your Score History

You have not taken this quiz since the last reset